01273nam a2200169 a 450000100060000000300090000600800410001504000280005608200080008424500580009226000480015030000190019850000220021750508040023965000230104365000370106622597CO-ViMGA141112s2004 ck r 000 u spa d aCO-ViMGAbspacCO-ViMGA04aSTO10aStory taller : bCuenta cuentos en español e ingles aBogotá : bContinente editores SA, c2006 a3V+ 2 CD - ROM aVol. y núm. : 3 aVOLUMEN 1 : Los tres cerditos, los dos amigos y el oso, el diablo de los tres pelos de oro, aladino y la lampara maravillosa, la de los cerillos, la sopa de la piedra, la lechera, ricitos de oro, los regalos de los duendes, la rana y el buey, boca ancha, el mono y el delfin, el perro mirandose en el agua, la hormiga y la cigarra, lluvia de estrellas, el patito feo VOLUMEN 2 : Hansel y grettel, la bella durmiente, cenicienta, la gallina de los huevos de oro, la sirenita, pinocho, pulgarcito, ali baba y los cuarenta ladrones, el manto, las habichuelas magicas, los cuatro magos y el leon - - VOLUMEN 3 pedro y el lobo, blancanieves, caperucita roja, el enano barabay, el espiritu de la botella, el gato con botas, el gigante egoista, el pozo magico, el rico y el pobre, el flautosta de hamelin 14aCUENTOS INFANTILES14aCUENTOS INFANTILES - COLECCIONES